000 01302nam a2200337Ia 4500
001 ebr10273828
003 CaPaEBR
006 m u
007 cr cn|||||||||
008 080818s2009 enk sb 001 0 eng d
010 _z 2008035646
020 _z9780754672685 (alk. paper)
020 _z0754672689 (alk. paper)
040 _aCaPaEBR
_cCaPaEBR
035 _a(OCoLC)646793694
050 1 4 _aHM585
_b.S595 2009eb
245 0 0 _aSociological objects
_h[electronic resource] :
_breconfigurations of social theory /
_cedited by Geoff Cooper, Andrew King, Ruth Rettie.
260 _aFarnham, England ;
_aBurlington, VT :
_bAshgate,
_cc2009.
300 _aix, 206 p.
504 _aIncludes bibliographical references and index.
533 _aElectronic reproduction.
_bPalo Alto, Calif. :
_cebrary,
_d2009.
_nAvailable via World Wide Web.
_nAccess may be limited to ebrary affiliated libraries.
650 0 _aSociology.
650 0 _aSociology
_xPhilosophy.
650 0 _aSociology
_xMethodology.
655 7 _aElectronic books.
_2local
700 1 _aCooper, Geoff.
700 1 _aKing, Andrew.
700 1 _aRettie, Ruth.
710 2 _aebrary, Inc.
856 4 0 _uhttp://site.ebrary.com/lib/rucke/Doc?id=10273828
_zAn electronic book accessible through the World Wide Web; click to view
999 _c6413
_d6413